Transferencia de calor
| Main Author: | |
|---|---|
| Format: | Section = Libro |
| Language: | Undetermined Spanish |
| Published: |
México
CECSA
1995
|
| Edition: | 6a.ed |
| Subjects: |
| LEADER | 00574nam a2200217Ia 4500 | ||
|---|---|---|---|
| 008 | 240830s9999 xx 000 0 und d | ||
| 020 | |a 968-26-0649-7 | ||
| 040 | |a CEDOC FIQ-RUSB / 621.4022 H747 | ||
| 041 | |a spa | ||
| 082 | |a 621.4022 H747 | ||
| 100 | 1 | |a Holman, J. P. | |
| 245 | 1 | 0 | |a Transferencia de calor |
| 250 | |a 6a.ed | ||
| 260 | |a México |b CECSA |c 1995 | ||
| 300 | |a 621 p. :il | ||
| 650 | 7 | |a TRANSFERENCIA DE CALOR - RADIACION | |
| 650 | 7 | |b TRANSFERENCIA DE CALOR - CONDESACION | |
| 650 | 7 | |c TRANSFERENCIA DE MASA | |
| 942 | |c BK |2 ddc | ||
| 991 | |a TEXTO | ||
| 999 | |c 14198 | ||